000 00539nam a2200193Ia 4500
005 20240913130029.0
008 240913s9999||||xx |||||||||||||| ||und||
020 _a1-56593-089-4
041 _aENGLISH
082 _A618.928 N5
100 _aRosenthal,Susan R
245 0 _aDysphagia and the Child With Developmental Disabilities
250 _a1st
260 _c1995
_bSingular Publishing Group
500 _aREFERENCE
650 _aAudiology Speech and Language Pathology
_bAllied Health Science
942 _cREF
999 _c246809
_d246809